000 00544nam a2200193Ia 4500
005 20250508160052.0
008 008 250505s9999 xx 000 0 eng d
037 _aTextual
040 _aFEDL
_beng
_cFEDL
041 _aeng
_2eng
084 _a371.2, MCK
_qFEDL
100 _aMcKean Robert C
_9763012
245 0 _aSupervisor
260 _aNew Delhi, India
_bPrentice Hall of India Private Limited
_c1965
300 _ax,118p.
650 _aSchool Administration
942 _cTEXL
_h371.2, MCK
999 _c1361489
_d1361489